[Event "4th Tungsram it"]
[Site "Budapest HUN"]
[Date "1978.08.??"]
[Round "6"]
[White "Lukacs, Peter"]
[Black "Fernandez Fernandez, Juan Carlos"]
[Result "1/2-1/2"]
[WhiteElo "2460"]
[BlackElo "2370"]
[EventDate "1978.08.12"]
[PlyCount "40"]

1.d4 Nf6 2.c4 e6 3.Nc3 Bb4 4.e3 c5 5.Bd3 O-O 6.Nf3 d5 7.O-O dxc4 8.Bxc4 
Bd7 9.Qe2 Bc6 10.Rd1 Qe7 11.Ne5 Ba5 12.Bd2 Bc7 13.Rac1 Bxe5 14.dxe5 Ne4 
15.Nxe4 Bxe4 16.f3 Bc6 17.b3 Nd7 18.Bc3 Nb6 19.e4 Rfd8 20.Rxd8+ 1/2-1/2

[Event "4th Tungsram it"]
[Site "Budapest HUN"]
[Date "1978.08.??"]
[Round "6"]
[White "Csom, Istvan"]
[Black "Hardicsay, Peter"]
[Result "1/2-1/2"]
[WhiteElo "2510"]
[BlackElo "2355"]
[EventDate "1978.08.12"]
[PlyCount "142"]

1.Nf3 Nf6 2.c4 c5 3.b3 e6 4.Bb2 b6 5.g3 Bb7 6.Bg2 Be7 7.Nc3 O-O 8.O-O d6 
9.Re1 a6 10.h3 Ra7 11.e4 e5 12.Nh2 Nc6 13.f4 Nd4 14.d3 b5 15.Rf1 bxc4 16.
dxc4 Qa8 17.Qd3 a5 18.Rae1 Qc8 19.Nf3 Nd7 20.a4 Ra8 21.Nb5 Re8 22.Ba3 Ra6 
23.Kh2 Qb8 24.Bc1 Nf8 25.f5 Qd8 26.Rf2 h6 27.Ref1 Nh7 28.Ne1 Ra8 29.Nc2 
Nf6 30.Ne3 Bc6 31.Kg1 Qd7 32.Re1 Qb7 33.Nc2 Qd7 34.Ba3 Reb8 35.Rc1 Qb7 36.
Re1 Qd7 37.Rff1 Rc8 38.Rf2 Rcb8 39.Rc1 Qb7 40.Re1 Qd7 41.Ra1 Qb7 42.Kh2 
Rd8 43.Re1 Rd7 44.Bc1 Rdd8 45.Nca3 Kh7 46.Nb1 Kg8 47.Rb2 Qd7 48.N1c3 Rf8 
49.Bf3 Nh7 50.Bg4 Qd8 51.Be3 Bg5 52.Bg1 Be7 53.Rf1 Nf6 54.Bd1 Qd7 55.Rbf2 
Qb7 56.Re1 Kh8 57.Rff1 Qd7 58.Be3 Rg8 59.Bd2 Rgf8 60.Be3 Nh7 61.Rg1 Bg5 
62.h4 Bxe3 63.Qxe3 Qe7 64.Ref1 Rad8 65.Kh3 Rg8 66.Rf2 Rd7 67.Rgf1 Qf6 68.
g4 g5 69.h5 Qe7 70.Nd5 Qd8 71.Nbc3 f6 1/2-1/2

[Event "4th Tungsram it"]
[Site "Budapest HUN"]
[Date "1978.08.??"]
[Round "6"]
[White "Portisch, Ferenc"]
[WhiteElo "2450"]
[Black "Jansa, Vlastimil"]
[BlackElo "2505"]
[Result "0-1"]
[EventDate "1978.08.12"]
[PlyCount "102"]

1.d4 Nf6 2.c4 d6 3.Nc3 Nbd7 4.Nf3 e5 5.e4 g6 6.Be2 Bg7 7.d5 Nc5 8.Bg5 h6 
9.Bxf6 Bxf6 10.b4 Nd7 11.O-O O-O 12.Ne1 a5 13.a3 Bg5 14.Nd3 f5 15.c5 Nf6 
16.Bf3 axb4 17.Nxb4 dxc5 18.Nd3 Nd7 19.Nb5 Be7 20.Re1 Bd6 21.Nb2 Nf6 22.
Nc4 f4 23.Rb1 Ra6 24.h3 h5 25.Qe2 Nh7 26.Rb3 Ng5 27.Reb1 Nf7 28.Nbxd6 cxd6
29.Rb6 Rxb6 30.Rxb6 Re8 31.a4 Re7 32.a5 Kh7 33.Qc2 Rd7 34.Bd1 Rc7 35.Qb2 
Qf6 36.Ba4 f3 37.Be8 Ng5 38.Rxd6 Nxh3+ 39.gxh3 Qg5+ 40.Kf1 Bxh3+ 41.Ke1 
Qg1+ 42.Kd2 Qxf2+ 43.Kc3 Qd4+ 44.Kb3 f2 45.Qxd4 cxd4 46.Nd2 Rc3+ 47.Ka4 
Rc2 48.Nf1 Bxf1 49.Rf6 d3 50.Kb3 Bh3 51.d6 Be6+ 0-1

[Event "4th Tungsram it"]
[Site "Budapest HUN"]
[Date "1978.08.??"]
[Round "7"]
[White "Jansa, Vlastimil"]
[WhiteElo "2505"]
[Black "Regan, Kenneth"]
[BlackElo "2430"]
[Result "1-0"]
[EventDate "1978.08.12"]
[PlyCount "57"]

1.e4 c5 2.Nf3 Nf6 3.e5 Nd5 4.d4 cxd4 5.Qxd4 e6 6.Bc4 Nc6 7.Qe4 d6 8.exd6 
Nf6 9.Qe2 Bxd6 10.O-O O-O 11.Bg5 Qa5 12.Bxf6 gxf6 13.Nc3 Ne5 14.Rad1 Nxc4 
15.Qxc4 Qb4 16.Qe2 Be7 17.Nd4 e5 18.Nd5 Qc5 19.b4 Qd6 20.Nb5 Qd7 21.Nbc7 
Rb8 22.Qe3 Kg7 23.Qxa7 Bd6 24.Qxb8 Qc6 25.Qa7 Bxc7 26.Ne7 Qb6 27.Nxc8 Rxc8
28.Qa3 Bd6 29.Qg3+ 1-0

[Event "4th Tungsram it"]
[Site "Budapest HUN"]
[Date "1978.08.??"]
[Round "7"]
[White "Hardicsay, Peter"]
[Black "Portisch, Ferenc"]
[Result "1/2-1/2"]
[WhiteElo "2355"]
[BlackElo "2450"]
[EventDate "1978.08.12"]
[PlyCount "52"]

1.e4 e6 2.d4 d5 3.Nd2 c5 4.Ngf3 Nc6 5.exd5 exd5 6.Bb5 Bd6 7.dxc5 Bxc5 8.
O-O Ne7 9.Nb3 Bd6 10.Nbd4 O-O 11.Be3 Bg4 12.Qd2 Rc8 13.c3 Na5 14.h3 Bh5 
15.b3 Qc7 16.Rac1 a6 17.Bd3 Nac6 18.Rfe1 Rfd8 19.Nh4 Nxd4 20.Bxd4 Bg6 21.
Nxg6 hxg6 22.Qe2 Nc6 23.Be3 Bf4 24.Qd2 Bxe3 25.Rxe3 Qa5 26.Qb2 1/2-1/2

[Event "4th Tungsram it"]
[Site "Budapest HUN"]
[Date "1978.08.??"]
[Round "7"]
[White "Fernandez Fernandez, Juan Carlos"]
[Black "Csom, Istvan"]
[Result "0-1"]
[WhiteElo "2370"]
[BlackElo "2510"]
[EventDate "1978.08.12"]
[PlyCount "82"]

1.e4 c5 2.Nf3 d6 3.d4 cxd4 4.Nxd4 Nf6 5.Nc3 Nc6 6.Be2 e5 7.Nf3 h6 8.O-O 
Be7 9.b3 O-O 10.Bb2 a6 11.Nd2 Be6 12.Re1 Rc8 13.Nc4 Nxe4 14.Nxe4 d5 15.
Ned2 dxc4 16.Bxc4 Qd7 17.Bxe6 Qxe6 18.Nc4 f6 19.Ne3 Bc5 20.Qd5 Qxd5 21.
Nxd5 Nb4 22.Nxb4 Bxb4 23.Re2 Rfd8 24.c4 Rd3 25.g3 Kf7 26.Kg2 a5 27.Rc1 b6 
28.Rcc2 Rcd8 29.Re4 h5 30.Rce2 Bc5 31.Bc1 a4 32.bxa4 Ra8 33.Be3 Rxa4 34.
Bxc5 bxc5 35.f4 exf4 36.gxf4 Kg6 37.Rb2 Rda3 38.Ree2 Rxc4 39.Rbc2 Rxf4 40.
Rxc5 Rfa4 41.Rcc2 Kg5 0-1

[Event "4th Tungsram it"]
[Site "Budapest HUN"]
[Date "1978.08.??"]
[Round "7"]
[White "Groszpeter, Attila"]
[Black "Lukacs, Peter"]
[Result "1-0"]
[WhiteElo "2230"]
[BlackElo "2460"]
[EventDate "1978.08.12"]
[PlyCount "58"]

1.e4 e5 2.Nf3 Nc6 3.Bc4 Bc5 4.c3 d6 5.b4 Bb6 6.a4 a6 7.Qb3 Qe7 8.d3 Nf6 9.
Bg5 h6 10.Bh4 g5 11.Bg3 Nh5 12.Nbd2 Nf4 13.O-O Rg8 14.a5 Ba7 15.b5 axb5 
16.Bxb5 Kf8 17.a6 Ng6 18.axb7 Bxb7 19.Bxc6 Bxc6 20.Rxa7 Rxa7 21.Qb8+ Kg7 
22.Qxa7 g4 23.Ne1 h5 24.f4 h4 25.f5 Qg5 26.fxg6 hxg3 27.Qxc7 Qxg6 28.hxg3 
Rh8 29.Rf5 1-0

[Event "4th Tungsram it"]
[Site "Budapest HUN"]
[Date "1978.08.??"]
[Round "7"]
[White "Vadasz, Laszlo"]
[Black "Barczay, Laszlo"]
[Result "1/2-1/2"]
[WhiteElo "2505"]
[BlackElo "2465"]
[EventDate "1978.08.12"]
[PlyCount "80"]

1.Nf3 Nf6 2.c4 e6 3.g3 d5 4.Bg2 Be7 5.O-O O-O 6.b3 b6 7.Bb2 Bb7 8.cxd5 
Nxd5 9.a3 Nd7 10.d4 c5 11.Nbd2 N5f6 12.Rc1 Rc8 13.dxc5 Rxc5 14.Rxc5 Nxc5 
15.b4 Nce4 16.Nxe4 Bxe4 17.Qxd8 Rxd8 18.Nd4 Rc8 19.b5 Rc4 20.Rc1 Rxc1+ 21.
Bxc1 Bc5 22.Nb3 Bd6 23.Bxe4 Nxe4 24.Bb2 f6 25.f3 Nc5 26.Nxc5 Bxc5+ 27.Kf1 
Kf7 28.e4 e5 29.Ke2 Ke6 30.a4 g6 31.g4 g5 32.Kd3 Kd6 33.Kc4 Ke6 34.Bc3 Kd6
35.Be1 Ke6 36.h4 h6 37.h5 Kd6 38.a5 Ke6 39.Bd2 Kd6 40.Bc3 Ke6 1/2-1/2

[Event "4th Tungsram it"]
[Site "Budapest HUN"]
[Date "1978.08.??"]
[Round "7"]
[White "Malich, Burkhard"]
[Black "Kuzmin, Gennady"]
[Result "1/2-1/2"]
[WhiteElo "2535"]
[BlackElo "2560"]
[EventDate "1978.08.12"]
[PlyCount "88"]

1.d4 Nf6 2.c4 e6 3.Nf3 b6 4.a3 Bb7 5.Nc3 d5 6.cxd5 exd5 7.g3 Be7 8.Bg2 O-O
9.O-O Ne4 10.Qb3 Nxc3 11.bxc3 Nc6 12.Nd2 Na5 13.Qc2 c5 14.dxc5 Bxc5 15.Nb3
Nxb3 16.Qxb3 Qf6 17.Bxd5 Bxd5 18.Qxd5 Qxc3 19.Bd2 Qb2 20.Ra2 Qb5 21.Qf3 
Rfe8 22.e3 a5 23.Rfa1 Rad8 24.a4 Qc4 25.Be1 Rd3 26.Qf4 Qd5 27.Rc2 Rd1 28.
Rcc1 Rxc1 29.Rxc1 h5 30.Bc3 Kh7 31.h4 f6 32.Be1 Kg6 33.Qc4 Qf3 34.Qd3+ Kh6
35.Rc4 Qa8 36.Bc3 Rd8 37.Bd4 Qf3 38.Qc2 f5 39.Qd2 Kh7 40.Rc1 Qe4 41.Qe2 
Bxd4 42.Qxh5+ Kg8 43.exd4 f4 44.Rc7 Rf8 1/2-1/2

[Event "4th Tungsram it"]
[Site "Budapest HUN"]
[Date "1978.08.??"]
[Round "8"]
[White "Regan, Kenneth"]
[Black "Mednis, Edmar John"]
[Result "0-1"]
[WhiteElo "2430"]
[BlackElo "2460"]
[EventDate "1978.08.12"]
[PlyCount "62"]

1.e4 e6 2.Nf3 d5 3.e5 c5 4.c3 Nc6 5.d4 Qb6 6.a3 c4 7.Nbd2 Na5 8.g3 Bd7 9.
Bh3 h6 10.O-O O-O-O 11.Nh4 g5 12.Ng2 h5 13.g4 hxg4 14.Bxg4 f5 15.exf6 Nxf6
16.Ne3 Bd6 17.Nf3 Nb3 18.Rb1 Bf4 19.Ne5 Bxh2+ 20.Kg2 Bxe5 21.dxe5 Ne4 22.
f3 Nec5 23.Nc2 Qc7 24.Bxg5 Qxe5 25.f4 Qe4+ 26.Kg3 Rdf8 27.Be7 Rf7 28.Bxc5 
Nxc5 29.Nd4 Qg6 30.Rh1 Rg8 31.Rh4 Ne4+ 0-1

[Event "4th Tungsram it"]
[Site "Budapest HUN"]
[Date "1978.08.??"]
[Round "8"]
[White "Ree, Hans"]
[Black "Malich, Burkhard"]
[Result "0-1"]
[WhiteElo "2500"]
[BlackElo "2535"]
[EventDate "1978.08.12"]
[PlyCount "90"]

1.d4 Nf6 2.c4 g6 3.Nc3 d5 4.Nf3 Bg7 5.Qb3 c6 6.cxd5 cxd5 7.Bg5 e6 8.e3 O-O
9.Bd3 Nc6 10.h3 b6 11.O-O Bb7 12.Ne5 h6 13.Bh4 g5 14.Bg3 Nxe5 15.Bxe5 Ne4 
16.Bxg7 Kxg7 17.Rad1 Nf6 18.f4 g4 19.Rd2 Qe7 20.Qd1 gxh3 21.Qf3 h2+ 22.Kh1
h5 23.f5 Ng4 24.Qg3 exf5 25.Re2 h4 26.Qf4 Nh6 27.Rf3 Rad8 28.Bxf5 Rh8 29.
Bd3 Bc8 30.e4 Qd6 31.exd5 Qxf4 32.Rxf4 h3 33.gxh3 Bxh3 34.Re3 Bg2+ 35.Kxg2
h1=Q+ 36.Kxh1 Nf5+ 37.Kg1 Nxe3 38.Be4 Nc4 39.b3 Nd6 40.Bg2 Rc8 41.Rf3 Rh4 
42.Rd3 f5 43.Kf2 Kf6 44.a4 a6 45.Bf3 Kg5 0-1

[Event "4th Tungsram it"]
[Site "Budapest HUN"]
[Date "1978.08.??"]
[Round "8"]
[White "Lukacs, Peter"]
[Black "Vadasz, Laszlo"]
[Result "1/2-1/2"]
[WhiteElo "2460"]
[BlackElo "2505"]
[EventDate "1978.08.12"]
[PlyCount "42"]

1.d4 Nf6 2.c4 g6 3.Nc3 d5 4.Nf3 Bg7 5.Bf4 O-O 6.e3 c5 7.dxc5 Ne4 8.Rc1 
Nxc3 9.bxc3 dxc4 10.Qxd8 Rxd8 11.Bxc4 Nd7 12.Bc7 Rf8 13.c6 bxc6 14.Nd4 Re8
15.O-O Nb6 16.Bxb6 axb6 17.Nxc6 Bb7 18.Nb4 e6 19.Bb3 Rec8 20.c4 Rc7 21.Nc2
Rac8 1/2-1/2

[Event "4th Tungsram it"]
[Site "Budapest HUN"]
[Date "1978.08.??"]
[Round "8"]
[White "Csom, Istvan"]
[Black "Groszpeter, Attila"]
[Result "1/2-1/2"]
[WhiteElo "2510"]
[BlackElo "2230"]
[EventDate "1978.08.12"]
[PlyCount "82"]

1.c4 c5 2.Nf3 Nc6 3.d4 cxd4 4.Nxd4 g6 5.e4 Bg7 6.Be3 Nf6 7.Nc3 Ng4 8.Qxg4 
Nxd4 9.Qd1 Ne6 10.Rc1 O-O 11.Bd3 b6 12.O-O Bb7 13.b4 f5 14.exf5 gxf5 15.f4
Qe8 16.Be2 Rc8 17.Qd3 Kh8 18.Nd5 Nd8 19.Bd4 Rg8 20.Bf3 Qf8 21.Ne3 e6 22.a3
Bxd4 23.Qxd4+ Qg7 24.Qd2 Nc6 25.Rc3 Rc7 26.Rd3 Bc8 27.Rd6 Ne7 28.Qd4 Ng6 
29.g3 Bb7 30.Bxb7 Rxb7 31.Rd1 Qxd4 32.R6xd4 Rg7 33.Kf2 Rf7 34.Ng2 Kg7 35.
Ne1 Kf6 36.Nf3 h6 37.Ke3 Re7 38.Rd6 Rc7 39.R1d4 Kf7 40.Kd3 Ke8 41.Kc3 Rh7 
1/2-1/2

[Event "4th Tungsram it"]
[Site "Budapest HUN"]
[Date "1978.08.??"]
[Round "8"]
[White "Portisch, Ferenc"]
[Black "Fernandez Fernandez, Juan Carlos"]
[Result "0-1"]
[WhiteElo "2450"]
[BlackElo "2370"]
[EventDate "1978.08.12"]
[PlyCount "150"]

1.d4 Nf6 2.c4 e6 3.Nc3 Bb4 4.e3 c5 5.Bd3 b6 6.Nf3 Bb7 7.O-O O-O 8.a3 Bxc3 
9.bxc3 Be4 10.Ng5 Bxd3 11.Qxd3 h6 12.Nh3 Nc6 13.e4 Rc8 14.d5 Na5 15.e5 Nh7
16.f4 f5 17.Rb1 Rf7 18.Rf3 Nf8 19.Rg3 Qc7 20.Nf2 Qb7 21.Nd1 Qa6 22.Rb5 
exd5 23.cxd5 c4 24.Qb1 Nb3 25.Rb4 Nc5 26.Nf2 Qb7 27.Rxc4 Qxd5 28.Rd4 Qb3 
29.Qxb3 Nxb3 30.Rd1 Ne6 31.Rf3 Rc4 32.g3 Nec5 33.Kg2 Ra4 34.Nd3 Ne4 35.Nf2
Nec5 36.Nd3 Ne6 37.Bb2 Na5 38.Nb4 Nc4 39.Bc1 Nxa3 40.Bxa3 Rxa3 41.Nc2 Ra2 
42.Rf2 Nc5 43.Nd4 Rxf2+ 44.Kxf2 Ne4+ 45.Kf3 Nxc3 46.Rc1 Nd5 47.Nb5 a6 48.
Rd1 Nb4 49.Nc7 d6 50.exd6 Rd7 51.Na8 b5 52.Nc7 Kf7 53.Rd2 g6 54.Ke2 Rd8 
55.Ke3 Nc6 56.Nxa6 Na5 57.Rd5 Rxd6 58.Rxd6 Nc4+ 59.Kd4 Nxd6 60.Nc7 Ke7 61.
Kc5 Ne4+ 62.Kd4 Nd2 63.h3 h5 64.g4 fxg4 65.hxg4 hxg4 66.Ke3 Nc4+ 67.Kf2 
Nd6 68.Kg3 Kf7 69.Kxg4 b4 70.Nd5 b3 71.Nc3 b2 72.Nb1 Kf6 73.Nc3 Nc4 74.
Ne4+ Kf7 75.Nc3 Nd2 0-1

[Event "4th Tungsram it"]
[Site "Budapest HUN"]
[Date "1978.08.??"]
[Round "8"]
[White "Jansa, Vlastimil"]
[WhiteElo "2505"]
[Black "Hardicsay, Peter"]
[BlackElo "2355"]
[Result "1-0"]
[EventDate "1978.08.12"]
[PlyCount "81"]

1.e4 e5 2.Nf3 Nc6 3.Bb5 a6 4.Ba4 Nf6 5.O-O Be7 6.Re1 b5 7.Bb3 O-O 8.a4 b4 
9.d4 d6 10.dxe5 dxe5 11.Nbd2 Bc5 12.h3 h6 13.a5 Bb7 14.Bc4 Ba7 15.c3 Qe7 
16.Qe2 Nh5 17.Nb3 Qf6 18.Bd5 Rfb8 19.c4 Ne7 20.Bxb7 Rxb7 21.c5 Rb5 22.Nh2 
Nf4 23.Bxf4 Qxf4 24.Qc4 Ng6 25.Rad1 Nf8 26.Qd5 Rbb8 27.Ng4 Re8 28.Qc4 Re6 
29.Ne3 Qg5 30.Rd3 Rg6 31.g3 Ne6 32.Kh2 Nd4 33.Nxd4 exd4 34.Nf5 Qf6 35.Rxd4
Re8 36.Rd7 Rg5 37.Red1 Bb8 38.Qxb4 g6 39.Nxh6+ Kh8 40.Nxf7+ Kg8 41.Nxg5 
1-0

[Event "4th Tungsram it"]
[Site "Budapest HUN"]
[Date "1978.08.??"]
[Round "9"]
[White "Fernandez Fernandez, Juan Carlos"]
[WhiteElo "2370"]
[Black "Jansa, Vlastimil"]
[BlackElo "2505"]
[Result "0-1"]
[EventDate "1978.08.12"]
[PlyCount "110"]

1.e4 c5 2.Nf3 d6 3.d4 cxd4 4.Nxd4 Nf6 5.Nc3 e6 6.Be2 Be7 7.O-O Nc6 8.Be3 
O-O 9.f4 a6 10.Qe1 Nxd4 11.Bxd4 b5 12.a3 Bb7 13.Qg3 g6 14.f5 e5 15.Be3 
Nxe4 16.Nxe4 Bxe4 17.Bh6 Re8 18.Bd3 Bxd3 19.cxd3 Bf8 20.Bxf8 Rxf8 21.f6 
Re8 22.Qh4 Re6 23.Rf3 Rc8 24.Raf1 d5 25.Rh3 Qb6+ 26.Kh1 Rxf6 27.Qxh7+ Kf8 
28.Qh6+ Ke8 29.Rhf3 Rxf3 30.Rxf3 Qe6 31.h3 Rc2 32.Re3 Kd7 33.Qg7 Rc1+ 34.
Kh2 e4 35.dxe4 dxe4 36.Qd4+ Qd6+ 37.Qxd6+ Kxd6 38.Rxe4 Rc2 39.Rb4 Kc5 40.
Rf4 Rxb2 41.Rxf7 Rb3 42.Rc7+ Kd4 43.Rc6 Rxa3 44.Rxg6 b4 45.h4 Ra5 46.Rb6 
Rb5 47.Rxa6 b3 48.Ra1 b2 49.Rb1 Kc3 50.Kh3 Kc2 51.Rxb2+ Rxb2 52.Kg4 Kd3 
53.h5 Ke4 54.g3 Ke5 55.Kg5 Ke6 0-1

[Event "4th Tungsram it"]
[Site "Budapest HUN"]
[Date "1978.08.??"]
[Round "9"]
[White "Groszpeter, Attila"]
[Black "Portisch, Ferenc"]
[Result "0-1"]
[WhiteElo "2230"]
[BlackElo "2450"]
[EventDate "1978.08.12"]
[PlyCount "80"]

1.e4 e6 2.d4 d5 3.Nc3 Bb4 4.Bd3 c5 5.exd5 Qxd5 6.Bd2 Bxc3 7.Bxc3 cxd4 8.
Bxd4 Qxg2 9.Qd2 Qxh1 10.O-O-O f6 11.f3 Nc6 12.Bc5 Nge7 13.Be4 f5 14.Bxc6+ 
Nxc6 15.Qg5 Kf7 16.Qh5+ g6 17.Qh6 Kf6 18.Qh4+ Kg7 19.Be7 Re8 20.Bf6+ Kf7 
21.Bc3 Kg8 22.Qf2 e5 23.Ne2 Qxd1+ 24.Kxd1 f4 25.Kc1 Bf5 26.h4 h5 27.b3 
Rac8 28.a4 Re7 29.Kb2 b6 30.Qe1 Rec7 31.Qd2 Nd4 32.Nxd4 exd4 33.Qxd4 Rxc3 
34.Qd5+ Kg7 35.Qe5+ Kf7 36.Qxf4 Rxc2+ 37.Ka3 R2c3 38.Kb4 a5+ 39.Kb5 Rxb3+ 
40.Ka6 Rb4 0-1

[Event "4th Tungsram it"]
[Site "Budapest HUN"]
[Date "1978.08.??"]
[Round "9"]
[White "Vadasz, Laszlo"]
[Black "Csom, Istvan"]
[Result "1/2-1/2"]
[WhiteElo "2505"]
[BlackElo "2510"]
[EventDate "1978.08.12"]
[PlyCount "28"]

1.Nf3 Nf6 2.c4 e6 3.g3 b6 4.Bg2 Bb7 5.O-O Be7 6.d4 O-O 7.Nc3 Ne4 8.Bd2 c5 
9.Ne1 Nxc3 10.Bxc3 Bxg2 11.Nxg2 Bf6 12.Rc1 a6 13.b3 Ra7 14.d5 Bxc3 1/2-1/2

[Event "4th Tungsram it"]
[Site "Budapest HUN"]
[Date "1978.08.??"]
[Round "9"]
[White "Malich, Burkhard"]
[Black "Barczay, Laszlo"]
[Result "1/2-1/2"]
[WhiteElo "2535"]
[BlackElo "2465"]
[EventDate "1978.08.12"]
[PlyCount "50"]

1.d4 Nf6 2.c4 e6 3.Nf3 b6 4.Nc3 Bb4 5.e3 Bb7 6.Bd2 O-O 7.Bd3 d5 8.O-O Bd6 
9.Qe2 Ne4 10.Rfd1 Nd7 11.Be1 a6 12.Rab1 Qe7 13.b4 Nxc3 14.Bxc3 dxc4 15.
Bxc4 Nf6 16.Be1 Rfd8 17.Bd3 Ne4 18.Ne5 c5 19.bxc5 Bxe5 20.dxe5 Nxc5 21.Bb4
Qc7 22.Qc2 Rxd3 23.Rxd3 Be4 24.Bxc5 bxc5 25.Rbd1 Bxd3 1/2-1/2

[Event "4th Tungsram it"]
[Site "Budapest HUN"]
[Date "1978.08.??"]
[Round "9"]
[White "Mednis, Edmar John"]
[Black "Kuzmin, Gennady"]
[Result "0-1"]
[WhiteElo "2460"]
[BlackElo "2560"]
[EventDate "1978.08.12"]
[PlyCount "176"]

1.e4 c5 2.Nf3 Nc6 3.d4 cxd4 4.Nxd4 g6 5.c4 Bg7 6.Be3 Nf6 7.Nc3 O-O 8.Be2 
b6 9.O-O Bb7 10.f3 e6 11.Ndb5 d5 12.cxd5 exd5 13.exd5 Ne7 14.d6 Nf5 15.Bf2
Ne8 16.d7 Nf6 17.Nd6 Qxd7 18.Nxb7 Qxb7 19.Qa4 Nd5 20.Nxd5 Qxd5 21.Rad1 Qe5
22.Bd3 Qxb2 23.Be4 Rad8 24.Rb1 Qd2 25.Qxa7 Ne3 26.Bxe3 Qxe3+ 27.Kh1 Rd2 
28.Qc7 Rxa2 29.Rfe1 Qd2 30.f4 Re8 31.Red1 Qc3 32.Rbc1 Qb4 33.Bd5 Re7 34.
Qb8+ Bf8 35.Bf3 Re3 36.f5 Rd2 37.Rf1 Qb5 38.fxg6 hxg6 39.Qf4 Qe5 40.Qxe5 
Rxe5 41.Rc7 b5 42.h3 b4 43.Rb7 Bd6 44.Rb1 Rd4 45.Rb6 Bc5 46.Rb5 Kg7 47.Rb7
Re8 48.Bc6 Re7 49.Rb5 Bd6 50.Rb6 Bg3 51.Bf3 Rc7 52.Kg1 Rc2 53.Kf1 Rc5 54.
Be2 Rf4+ 55.Bf3 Rd4 56.Rb7 Re5 57.Kg1 Rc4 58.Rf1 Rf4 59.Rb1 Kh6 60.Kf1 Kg5
61.Rb6 f5 62.Rb7 Rd4 63.Rb6 Re8 64.Kg1 Kh6 65.Rb5 Re6 66.Rf1 Kg7 67.Rb1 
Kf6 68.Bd5 Re7 69.Rb6+ Kg7 70.Bf3 Re3 71.Rb7+ Kf6 72.Rb6+ Re6 73.Rb7 g5 
74.Bh5 Rde4 75.Rf7+ Ke5 76.Bf3 Re3 77.Rd1 Re1+ 78.Rxe1+ Bxe1 79.g4 f4 80.
Rf5+ Kd4 81.Rxg5 Ke3 82.Kg2 Bc3 83.Rg8 b3 84.Rc8 Ba5 85.Bd1 b2 86.Bc2 f3+ 
87.Kg3 Ke2 88.Rb8 Bc7+ 0-1

[Event "4th Tungsram it"]
[Site "Budapest HUN"]
[Date "1978.08.??"]
[Round "10"]
[White "Regan, Kenneth"]
[Black "Kuzmin, Gennady"]
[Result "1/2-1/2"]
[WhiteElo "2430"]
[BlackElo "2560"]
[EventDate "1978.08.12"]
[PlyCount "80"]

1.e4 c5 2.Nf3 Nc6 3.c3 e6 4.d4 d5 5.exd5 exd5 6.Be3 cxd4 7.Bxd4 Nxd4 8.
Nxd4 Bd6 9.Bb5+ Kf8 10.O-O Nf6 11.Nd2 Qc7 12.N2f3 a6 13.Be2 g5 14.g3 Rg8 
15.Qd3 Bh3 16.Rfc1 Re8 17.Bf1 Bg4 18.c4 Qb6 19.cxd5 Bxf3 20.Nxf3 Bc5 21.
Qc2 Ne4 22.Bd3 Nxf2 23.Qxc5+ Qxc5 24.Rxc5 Nxd3 25.Rc7 Rd8 26.Rxb7 Rxd5 27.
Rb8+ Kg7 28.Rxg8+ Kxg8 29.Rd1 h6 30.Kf1 f5 31.a3 Nb4 32.Rd4 Rxd4 33.Nxd4 
Nd3 34.Nc6 f4 35.b4 fxg3 36.hxg3 Nb2 37.Nb8 Nc4 38.a4 a5 39.bxa5 Nxa5 40.
Ke2 h5 1/2-1/2

[Event "4th Tungsram it"]
[Site "Budapest HUN"]
[Date "1978.08.??"]
[Round "10"]
[White "Ree, Hans"]
[Black "Mednis, Edmar John"]
[Result "1/2-1/2"]
[WhiteElo "2500"]
[BlackElo "2460"]
[EventDate "1978.08.12"]
[PlyCount "50"]

1.c4 Nf6 2.Nc3 e6 3.d4 Bb4 4.Qc2 c5 5.dxc5 O-O 6.a3 Bxc5 7.Nf3 Nc6 8.Bf4 
Nh5 9.Bd2 b6 10.e4 Bb7 11.Be2 Nf6 12.O-O Nd4 13.Nxd4 Bxd4 14.Bf3 Be5 15.
Rac1 Rc8 16.b3 Qc7 17.g3 Rfd8 18.Rfe1 Qb8 19.Bg2 d5 20.exd5 exd5 21.Qf5 
dxc4 22.Bxb7 Qxb7 23.Qxe5 Rxd2 24.Ne4 Nxe4 25.Qxe4 1/2-1/2

[Event "4th Tungsram it"]
[Site "Budapest HUN"]
[Date "1978.08.??"]
[Round "10"]
[White "Lukacs, Peter"]
[Black "Malich, Burkhard"]
[Result "1/2-1/2"]
[WhiteElo "2460"]
[BlackElo "2535"]
[EventDate "1978.08.12"]
[PlyCount "94"]

1.d4 d5 2.c4 c6 3.cxd5 cxd5 4.Nc3 Nf6 5.Bf4 Nc6 6.e3 e6 7.Bd3 Be7 8.h3 O-O
9.Nf3 Qb6 10.a3 Bd7 11.O-O Rfc8 12.Na4 Qd8 13.b4 Be8 14.Qb3 Bd6 15.Ne5 
Bxe5 16.dxe5 Nd7 17.Nc5 Ncxe5 18.Nxb7 Qb6 19.Na5 Nxd3 20.Qxd3 Nc5 21.bxc5 
Qxa5 22.Rfc1 Rxc5 23.Rxc5 Qxc5 24.Rb1 f6 25.Rb8 Rxb8 26.Bxb8 Qb6 27.Bg3 
Bc6 28.Qd4 Qb7 29.Qb4 Qxb4 30.axb4 g5 31.h4 g4 32.Bb8 a6 33.Kf1 Kf7 34.g3 
Bb5+ 35.Ke1 e5 36.Ba7 Ke6 37.Bc5 Kf5 38.Be7 d4 39.exd4 exd4 40.Kd2 Ke5 41.
Bd8 f5 42.Bg5 h5 43.Bd8 Ke4 44.Bb6 f4 45.Bc7 fxg3 46.fxg3 Kd5 47.Bd8 
1/2-1/2

[Event "4th Tungsram it"]
[Site "Budapest HUN"]
[Date "1978.08.??"]
[Round "10"]
[White "Csom, Istvan"]
[WhiteElo "2510"]
[Black "Adorjan, Andras"]
[BlackElo "2515"]
[Result "1/2-1/2"]
[EventDate "1978.08.12"]
[PlyCount "30"]

1.c4 c5 2.Nc3 g6 3.g3 Bg7 4.Bg2 Nc6 5.e3 e6 6.Nge2 Nge7 7.d4 cxd4 8.Nxd4 
Nxd4 9.exd4 O-O 10.O-O d5 11.cxd5 Nxd5 12.Nxd5 exd5 13.Be3 Be6 14.Qb3 Qd7 
15.Rfc1 Rfc8 1/2-1/2

[Event "4th Tungsram it"]
[Site "Budapest HUN"]
[Date "1978.08.??"]
[Round "10"]
[White "Portisch, Ferenc"]
[Black "Vadasz, Laszlo"]
[Result "1/2-1/2"]
[WhiteElo "2450"]
[BlackElo "2505"]
[EventDate "1978.08.12"]
[PlyCount "86"]

1.d4 Nf6 2.c4 g6 3.Nc3 d5 4.Nf3 Bg7 5.Bf4 O-O 6.e3 c5 7.dxc5 Ne4 8.Rc1 
Nxc3 9.bxc3 dxc4 10.Qxd8 Rxd8 11.Bxc4 Nd7 12.Bg5 Re8 13.Bb5 a6 14.Ba4 h6 
15.c6 Nc5 16.cxb7 Bxb7 17.Bxe8 hxg5 18.Bxf7+ Kxf7 19.Nxg5+ Kf6 20.Nh7+ Kf5
21.g4+ Kxg4 22.Rg1+ Kh4 23.Ke2 Ne4 24.f3 Nxc3+ 25.Kf2 Rd8 26.Rxg6 Rd2+ 27.
Kf1 Rxh2 28.Re1 Bxf3 29.Ng5 Bh5 30.Rxg7 Rh1+ 31.Kf2 Nd1+ 32.Rxd1 Rxd1 33.
Nf3+ Bxf3 34.Kxf3 Ra1 35.Rg4+ Kh5 36.Ra4 Kg5 37.Ke4 Kf6 38.Rxa6+ e6 39.Ra7
Rb1 40.a4 Rb4+ 41.Kf3 Kf5 42.a5 Ra4 43.Ra8 Ke5 1/2-1/2

[Event "4th Tungsram it"]
[Site "Budapest HUN"]
[Date "1978.08.??"]
[Round "10"]
[White "Jansa, Vlastimil"]
[WhiteElo "2505"]
[Black "Groszpeter, Attila"]
[BlackElo "2230"]
[Result "1/2-1/2"]
[EventDate "1978.08.12"]
[PlyCount "45"]

1.e4 c6 2.c4 d5 3.cxd5 cxd5 4.exd5 Nf6 5.Bb5+ Nbd7 6.Nc3 g6 7.d4 Bg7 8.d6 
exd6 9.Qe2+ Qe7 10.Bf4 Qxe2+ 11.Ngxe2 d5 12.Bd6 a6 13.Ba4 b5 14.Bb3 Nb6 
15.O-O Be6 16.Nf4 g5 17.Nd3 Nc4 18.Bxc4 bxc4 19.Nc5 Nd7 20.Rfe1 Nxc5 21.
Bxc5 Kd7 22.b4 Rab8 23.a4 1/2-1/2

[Event "4th Tungsram it"]
[Site "Budapest HUN"]
[Date "1978.08.??"]
[Round "10"]
[White "Hardicsay, Peter"]
[Black "Fernandez Fernandez, Juan Carlos"]
[Result "0-1"]
[WhiteElo "2355"]
[BlackElo "2370"]
[EventDate "1978.08.12"]
[PlyCount "64"]

1.c4 Nf6 2.Nc3 c5 3.Nf3 e6 4.e3 Nc6 5.d4 d5 6.cxd5 exd5 7.Bb5 Bd6 8.dxc5 
Bxc5 9.Nd4 Bd7 10.Nxc6 bxc6 11.Be2 O-O 12.O-O Qe7 13.Bf3 Rfd8 14.Bd2 Bd6 
15.Re1 Bf5 16.Ne2 Ne4 17.Ng3 Bg6 18.Rc1 Nxd2 19.Qxd2 Bb4 20.Qe2 Bxe1 21.
Qxe1 Rac8 22.Qd2 Qe5 23.h3 c5 24.Rc3 d4 25.exd4 cxd4 26.Rxc8 Rxc8 27.Bd1 
d3 28.Nf1 Qc5 29.Ne3 Qc1 30.Qb4 d2 31.Qb7 h6 32.h4 Re8 0-1

[Event "4th Tungsram it"]
[Site "Budapest HUN"]
[Date "1978.08.??"]
[Round "11"]
[White "Fernandez Fernandez, Juan Carlos"]
[Black "Regan, Kenneth"]
[Result "0-1"]
[WhiteElo "2370"]
[BlackElo "2430"]
[EventDate "1978.08.12"]
[PlyCount "76"]

1.d4 b6 2.e4 e6 3.Bd3 d5 4.Nd2 Ba6 5.Ngf3 Bxd3 6.cxd3 Nf6 7.O-O Be7 8.Qe2 
O-O 9.Nb3 a5 10.a4 Na6 11.e5 Nd7 12.g3 Qc8 13.h4 Nb4 14.Bg5 Bxg5 15.hxg5 
Qa6 16.Nc1 c5 17.Kg2 Rfc8 18.Rh1 Nf8 19.Ra3 c4 20.Qd2 Ra7 21.dxc4 Rxc4 22.
Rc3 Rac7 23.Ne2 Na2 24.Rxc4 Qxc4 25.Ra1 Qb3 26.Ne1 Rc4 27.Qd3 Qxd3 28.Nxd3
Nb4 29.b3 Rc2 30.Nxb4 Rxe2 31.Nc6 Rc2 32.Na7 Nd7 33.Rb1 f6 34.b4 axb4 35.
gxf6 gxf6 36.Rxb4 Rc4 37.Rxc4 dxc4 38.f4 c3 0-1

[Event "4th Tungsram it"]
[Site "Budapest HUN"]
[Date "1978.08.??"]
[Round "11"]
[White "Groszpeter, Attila"]
[WhiteElo "2230"]
[Black "Hardicsay, Peter"]
[BlackElo "2355"]
[Result "1-0"]
[EventDate "1978.08.12"]
[PlyCount "80"]

1.e4 e5 2.Nf3 Nc6 3.Bc4 Nf6 4.Ng5 d5 5.exd5 Na5 6.Bb5+ c6 7.dxc6 bxc6 8.
Be2 h6 9.Nf3 e4 10.Ne5 Bd6 11.f4 exf3 12.Nxf3 Qc7 13.O-O O-O 14.Nc3 Re8 
15.d4 a6 16.Ne5 Bxe5 17.dxe5 Qxe5 18.Bf4 Qe7 19.Qd3 Be6 20.Qg3 Nh5 21.Bxh5
Qc5+ 22.Rf2 Qxh5 23.Ne4 Qg6 24.Qxg6 fxg6 25.Nd6 Rf8 26.Re1 Bf7 27.Re7 Nc4 
28.Nxf7 Rae8 29.Rxe8 Rxe8 30.Nd6 Re1+ 31.Rf1 Rxf1+ 32.Kxf1 Nxb2 33.Ke2 Kf8
34.Kd2 Na4 35.Nc4 g5 36.Bd6+ Kf7 37.c3 Ke6 38.Bf8 Kd5 39.Ne3+ Ke4 40.Bxg7 
h5 1-0